[Event "113th US Open 2012"]
[Site "Vancouver USA"]
[Date "2012.08.11"]
[Round "8"]
[White "Sarkar,J"]
[Black "Sinanan,J"]
[Result "1-0"]
[WhiteElo "2392"]
[BlackElo "2227"]

1.d4 Nf6 2.c4 e6 3.Nf3 b6 4.g3 Ba6 5.Nbd2 Bb4 6.Qa4 c5 7.a3 Bxd2+ 8.Bxd2 O-O
9.Bg2 d5 10.dxc5 bxc5 11.Ne5 Ne4 12.cxd5 exd5 13.Bxe4 dxe4 14.Qxe4 Nd7 15.Qc6 Nxe5
16.Qxa6 Qd5 17.O-O-O Qa2 18.Bc3 Nc4 19.Qa4 Rab8 20.Qc2 Rb7 21.Rd3 Qa1+ 22.Qb1 Qxb1+
23.Kxb1 Nxa3+ 24.Ka2 Nb5 25.Rc1 c4 26.Rd5 Rc8 27.Bb4 f6 28.Bc5 c3 29.b4 Rbc7
30.Kb3 a6 31.Ra1 Rc6 32.Rd7 Re8 33.e3 h5 34.Rad1 Re5 35.f4 Rexc5 36.bxc5 Rxc5
37.e4 Kh7 38.R7d5 c2 39.Rc1 Rc3+ 40.Kb2 Re3 41.e5 Na3 42.exf6 gxf6 43.Rxh5+ Kg6
44.Rc5 a5 45.Ra1  1-0

[Event "16th HZ Open"]
[Site "Vlissingen NED"]
[Date "2012.08.11"]
[Round "9"]
[White "Hopman,P"]
[Black "Stange,S"]
[Result "1-0"]
[WhiteElo "2310"]
[BlackElo "2122"]

1.d4 Nf6 2.c4 e6 3.Nf3 b6 4.g3 Ba6 5.Nbd2 d5 6.Bg2 Be7 7.O-O Bb7 8.Ne5 O-O
9.b3 Nbd7 10.Bb2 c5 11.e3 Qc7 12.Nxd7 Qxd7 13.dxc5 Bxc5 14.Bxf6 gxf6 15.Ne4 Be7
16.Qd4 f5 17.Nc3 Qd8 18.Rac1 Bf6 19.Qd2 d4 20.Nb5 Bxg2 21.Kxg2 dxe3 22.Qxe3 Qe7
23.Rcd1 Rfd8 24.Kg1 Rd7 25.Nd4 Bxd4 26.Rxd4 Rxd4 27.Qxd4 Rd8 28.Qf4 Qd6 29.Qg5+ Kh8
30.Re1 a5 31.a4 Qd4 32.Qe7 Kg8 33.Re3 Rd7 34.Qg5+ Qg7 35.Qf4 Qd4 36.Qxd4 Rxd4
37.Re5 f4 38.gxf4 Rxf4 39.Rb5 Rg4+ 40.Kf1 h5 41.Rxb6 Rh4 42.Rb5 Rxh2 43.Rxa5 h4
44.Rb5 f5 45.Kg1  1-0

[Event "2nd Metropolitan International"]
[Site "Los Angeles USA"]
[Date "2012.08.14"]
[Round "1"]
[White "Jayakumar,A"]
[Black "Gareev,T"]
[Result "0-1"]
[WhiteElo "2292"]
[BlackElo "2658"]

1.d4 Nf6 2.c4 e6 3.Nf3 b6 4.g3 Ba6 5.Qc2 c5 6.d5 exd5 7.cxd5 Bb7 8.Bg2 Nxd5
9.O-O Be7 10.Rd1 Nc6 11.Qf5 Nf6 12.e4 g6 13.Qf4 O-O 14.Nc3 d6 15.Be3 Re8
16.Nb5 Nh5 17.Qh6 Bf8 18.Qg5 Rxe4 19.Qd5 Nf6 20.Qd2 d5 21.Bg5 d4 22.Ne1 Re6
23.Qf4 h6 24.Bxh6 a6 25.Na3 Nd5 26.Qd2 Ne5 27.Bxf8 Qxf8 28.Rac1 Rae8 29.Nf3 Ne3
30.Nxe5 Nxg2 31.Nd3 Qd6 32.Qg5 Qc6 33.Nb4 Qf3  0-1

[Event "2nd Metropolitan International"]
[Site "Los Angeles USA"]
[Date "2012.08.15"]
[Round "2"]
[White "Troff,Kayden W"]
[Black "Ondangan Jr,Ruben G"]
[Result "1-0"]
[WhiteElo "2279"]
[BlackElo "2100"]

1.d4 Nf6 2.c4 e6 3.Nf3 b6 4.g3 Ba6 5.Qc2 d5 6.cxd5 exd5 7.Bg2 Bb4+ 8.Bd2 Bd6
9.Nc3 O-O 10.Nxd5 Re8 11.Nxf6+ gxf6 12.Be3 Nd7 13.O-O c5 14.Rfd1 Qc7 15.dxc5 Nxc5
16.Rac1 Rxe3 17.fxe3 Qe7 18.Nd4 Qxe3+ 19.Kh1 Bb7 20.Nf5  1-0

[Event "Husek Vienna Open A"]
[Site "Vienna AUT"]
[Date "2012.08.15"]
[Round "3"]
[White "Kummer,Hel"]
[Black "Kuciel,W"]
[Result "1-0"]
[WhiteElo "2362"]
[BlackElo "2047"]

1.d4 Nf6 2.c4 e6 3.Nf3 b6 4.g3 Ba6 5.b3 b5 6.cxb5 Bxb5 7.Bg2 Bb4+ 8.Bd2 a5
9.Bxb4 axb4 10.Qd2 Qe7 11.Qg5 d5 12.Qxg7 Rg8 13.Qh6 c5 14.dxc5 Qxc5 15.O-O Nbd7
16.Qd2 Ne4 17.Qb2 Ke7 18.Nd4 Rac8 19.Bxe4 dxe4 20.Nxb5 Qxb5 21.a3 Rg5 22.axb4 Qxb4
23.Ra4 Qb7 24.Nd2 Nc5 25.Rc4 Rd5 26.Qc3 Qb6 27.Qe3 Qa6 28.Rfc1 Rcd8 29.Nxe4 Nd7
30.Rc7 Ke8 31.R1c6 Qa1+ 32.Kg2 Rd1 33.Nd6+ Ke7 34.Qg5+ Qf6 35.Rxd7+  1-0

[Event "2nd Isthmia Open A"]
[Site "Korinthia GRE"]
[Date "2012.08.19"]
[Round "3.5"]
[White "Adhiban,Baskaran"]
[Black "Perunovic,Mio"]
[Result "1-0"]
[WhiteElo "2553"]
[BlackElo "2461"]

1.d4 Nf6 2.c4 e6 3.Nf3 b6 4.g3 Ba6 5.Qc2 Bb4+ 6.Bd2 Bxd2+ 7.Nbxd2 c5 8.e4 O-O
9.e5 Ne8 10.Bd3 h6 11.Bh7+ Kh8 12.Be4 Nc6 13.Bxc6 dxc6 14.dxc5 Qe7 15.Ne4 b5
16.O-O-O bxc4 17.h4 Rd8 18.Nd6 Rb8 19.Ng5 f5 20.exf6 gxf6 21.Qg6 Nxd6 22.Qxh6+ Kg8
23.Qg6+ Kh8 24.cxd6 Qb7 25.b3 Rbd8 26.Nxe6 cxb3 27.d7  1-0

[Event "14th Sants Open A"]
[Site "Barcelona ESP"]
[Date "2012.08.22"]
[Round "6.13"]
[White "Mascaro March,P"]
[Black "Alarcon Casellas,Rol"]
[Result "1-0"]
[WhiteElo "2375"]
[BlackElo "2471"]

1.d4 Nf6 2.c4 e6 3.Nf3 b6 4.g3 Ba6 5.Qa4 Bb7 6.Bg2 c5 7.dxc5 Bxc5 8.O-O O-O
9.Nc3 h6 10.Bf4 Qc8 11.Rad1 a6 12.Qb3 d5 13.cxd5 Nxd5 14.Nxd5 Bxd5 15.Rxd5 exd5
16.Ne5 Ra7 17.Bxd5 g5 18.Qd3 Kh8 19.Bd2 Bd6 20.Nxf7+ Raxf7 21.Bxf7 Be5 22.Qg6 Qc6
23.Be6 Bg7 24.Bc3  1-0

[Event "12th ch-Euro Seniors"]
[Site "Kaunas LTU"]
[Date "2012.08.22"]
[Round "5.3"]
[White "Pushkov,N"]
[Black "Butnorius,A"]
[Result "1-0"]
[WhiteElo "2390"]
[BlackElo "2388"]

1.d4 Nf6 2.c4 e6 3.Nf3 b6 4.g3 Ba6 5.Qa4 Bb7 6.Bg2 c5 7.dxc5 Bxc5 8.Nc3 O-O
9.O-O Be7 10.Bf4 Na6 11.Rfd1 Nc5 12.Qc2 Nce4 13.Ne5 Nxc3 14.Qxc3 Bxg2 15.Kxg2 Rc8
16.Qf3 Qe8 17.Qb7 d6 18.Nf3 Rxc4 19.Bxd6 Bxd6 20.Rxd6 Rc2 21.Qxa7 Rxb2 22.Rxb6 Rxe2
23.Rab1 Rc2 24.Rb8 Rc8 25.Rxc8 Qxc8 26.a4 h6 27.a5 Qc2 28.Rb8 Rxb8 29.Qxb8+ Kh7
30.Qa7 Qc6 31.a6 Nd7 32.Qb7 Qxb7 33.axb7 Kg8 34.Ne5 Nb8 35.Kf3 Kf8 36.Kg4 Ke7
37.Kh5 f6 38.Nd3 Kf7 39.f4 Nc6 40.g4 Nb8 41.h4 Nc6 42.Nc5 e5 43.f5 Nb8 44.g5 hxg5
45.hxg5 fxg5 46.Kxg5 Ke7 47.Kg6 Kd6 48.Kxg7  1-0

[Event "14th Sants Open A"]
[Site "Barcelona ESP"]
[Date "2012.08.24"]
[Round "8.20"]
[White "Alvarado Diaz,A"]
[Black "Mascaro March,P"]
[Result "0-1"]
[WhiteElo "2258"]
[BlackElo "2375"]

1.Nf3 Nf6 2.g3 b6 3.d4 e6 4.c4 Ba6 5.Qc2 c5 6.d5 exd5 7.cxd5 g6 8.Bg2 Bg7
9.O-O O-O 10.Nc3 d6 11.Re1 b5 12.e4 b4 13.Nd1 Nbd7 14.a3 Qb6 15.axb4 Rfe8
16.Bh3 cxb4 17.Be3 Nc5 18.Bxc5 dxc5 19.Nd2 Nxd5 20.Rc1 Rad8 21.Nf3 b3 22.Qxc5 Qxc5
23.Rxc5 Nb4 24.Ra5 Nc2 25.Ne3 Nxe1 26.Nxe1 Bxb2  0-1

[Event "12th World Uni Men"]
[Site "Guimaraes POR"]
[Date "2012.08.24"]
[Round "8.6"]
[White "Perdomo,L"]
[Black "Papin,V"]
[Result "0-1"]
[WhiteElo "2391"]
[BlackElo "2570"]

1.d4 Nf6 2.c4 e6 3.Nf3 b6 4.g3 Ba6 5.Nbd2 c5 6.Bg2 Nc6 7.dxc5 bxc5 8.O-O Qc7
9.b3 Be7 10.Bb2 O-O 11.Qc2 h6 12.Rac1 Bb7 13.Ba1 Rfd8 14.Rfd1 Rab8 15.e4 d6
16.Re1 Nd7 17.Nb1 Bf6 18.Nc3 a6 19.Rcd1 Nd4 20.Qc1 Rbc8 21.h4 Bc6 22.Nh2 h5
23.Rd2 a5 24.Qd1 g6 25.a4 e5 26.Bf1 Qb7 27.Nb5 Nb6 28.Bd3 Ra8 29.Nf1 Bg7
30.f3 Nc8 31.Rf2 Ne7 32.Ne3 Qd7 33.Bf1 Bh6 34.Bc3 Rf8 35.Kh2 Bxe3 36.Rxe3 f5
37.Bh3 Qd8 38.exf5 Nexf5 39.Rd3 Kh7 40.Bd2 Ra6 41.Bg5 Qd7 42.g4 Ng7 43.gxh5 Qf7
44.Nxd6 Nxf3+ 45.Kg3 Nxh5+ 46.Kg2 Nxh4+  0-1

[Event "e2e4 Hinckley Open 2012"]
[Site "Hinckley ENG"]
[Date "2012.08.25"]
[Round "2.2"]
[White "Bonafont,P"]
[Black "Arkell,K"]
[Result "0-1"]
[WhiteElo "2051"]
[BlackElo "2451"]

1.d4 Nf6 2.Nf3 e6 3.c4 b6 4.g3 Ba6 5.Nbd2 d5 6.Bg2 Nbd7 7.O-O Bd6 8.b3 O-O
9.Bb2 c5 10.Rc1 Rc8 11.Re1 Bb7 12.e3 Qc7 13.Qc2 Qb8 14.Qb1 Qa8 15.Ne5 cxd4
16.Nxd7 Nxd7 17.Bxd4 Bb4 18.Bc3 Bxc3 19.Rxc3 dxc4 20.Bxb7 Qxb7 21.Rxc4 Ne5
22.Rxc8 Rxc8 23.Rc1 Rxc1+ 24.Qxc1 f6 25.Qc3 Qd5 26.Qd4 Qxd4 27.exd4 Nc6 28.Nf3 g5
29.g4 h5 30.h3 h4 31.a3 Kf7 32.Kf1 Ke7 33.Ke2 Kd6 34.Kd3 Kd5 35.Ke3 a6 36.Kd3 b5
37.Ke3 a5 38.Kd3 a4 39.b4 Ne7 40.Ng1 e5 41.dxe5 Kxe5 42.Ne2 Nd5 43.Nd4 Nf4+
44.Ke3 Ng2+ 45.Kd3 Nf4+ 46.Ke3 Nxh3 47.Nxb5 Nf4 48.Kf3 Nd5 49.Kg2 Ke4 50.Nd6+ Kd4
51.f3 Kc3 52.Nb5+ Kb3 53.Kf2 Nxb4 54.axb4 Kxb4 55.Nd4 a3  0-1

[Event "e2e4 Hinckley Open 2012"]
[Site "Hinckley ENG"]
[Date "2012.08.27"]
[Round "6.8"]
[White "Stewart,Ashley"]
[Black "Burrows,M"]
[Result "1/2-1/2"]
[WhiteElo "2013"]
[BlackElo "2120"]

1.d4 Nf6 2.c4 e6 3.Nf3 b6 4.g3 Ba6 5.Qa4 c5 6.Bg2 Bb7 7.dxc5 Bxc5 8.O-O O-O
9.Nc3 Be7 10.Bf4 d6 11.Rfd1 a6 12.Rd2 Qc7 13.Rad1 Ne8 14.Ng5 b5 15.cxb5 axb5
16.Qc2 Bxg5 17.Bxg5 Bxg2 18.Kxg2 h6 19.Bf4 b4 20.Ne4 Qxc2 21.Rxc2 e5 22.Bd2 Rxa2
23.Bxb4 Ra4 24.Bxd6 Nxd6 25.Nxd6 Na6 26.Rdd2 Rd8 27.Rc8 Rxc8 28.Nxc8 Nc5
29.Rd5 Ne6 30.Rb5 Ra2 31.e3 f6 32.Ne7+ Kf7 33.Nd5 h5 34.Nc3 Ra1 35.b4 g5
36.Rb7+ Kg6 37.Re7 Ra3 38.Rxe6 Rxc3 39.b5 Rb3 40.Rb6 e4 41.Rb8 Rb1 42.b6 g4
43.b7 Kg7 44.h3 f5 45.h4 Kh7 46.Rf8 Rxb7 47.Rxf5 Kg6 48.Rg5+ Kh6 49.Re5 Rb4
50.Re6+ Kg7 51.Rd6 Rb5 52.Re6 Rb4 53.Re5 Kg6 54.Rd5 Rb6 55.Rd4 Kf5 56.Ra4 Rc6
57.Ra8 Kg6 58.Kf1 Rb6 59.Re8 Rb1+ 60.Kg2 Rb4 61.Rf8 Ra4 62.Rf4 Rb4 63.Kf1 Ra4
64.Ke2 Ra2+ 65.Ke1 Ra1+ 66.Kd2 Ra2+ 67.Kc3 Ra4 68.Kb3 Ra8 69.Kc4 Ra4+ 70.Kd5 Ra2
71.Kxe4 Rd2 72.Ke5 Rd1 73.Ke6 Ra1 74.e4 Ra6+ 75.Kd5 Ra5+ 76.Kc4 Ra4+ 77.Kd3 Ra3+
78.Ke2 Ra2+ 79.Kf1 Ra1+ 80.Kg2 Re1 81.Kh2 Re2 82.Kg1 Re1+ 83.Kg2 Re2 84.Kf1 Ra2
85.Ke1 Ra1+ 86.Ke2 Ra2+ 87.Kd3 Ra3+ 88.Kd4 Ra4+ 89.Kc5 Ra5+ 90.Kc6 Ra6+ 91.Kb5 Re6
92.Kc4 Re5 93.Kd4 Ra5 94.Rf8 Ra4+ 95.Ke5 Ra5+ 96.Kd6 Ra6+ 97.Kd7 Ra7+ 98.Kc6 Ra6+
99.Kc5 Ra5+ 100.Kb4 Re5 101.Rf4 Re6 102.Kc5 Re5+ 103.Kd4 Ra5 104.e5 Ra4+
105.Ke3 Ra3+ 106.Kd2 Ra2+ 107.Kc3 Ra3+ 108.Kb4 Ra2 109.Rf6+ Kg7 110.Kc5 Ra5+
111.Kd4 Ra4+ 112.Ke3 Ra2 113.Rd6 Rb2 114.Rd7+ Kg6 115.e6 Rb5 116.Rd4 Kf6
117.Rd6 Ke7 118.Ra6 Rf5 119.Ke2 Kf6 120.Kf1 Ke7 121.Kg2 Kf6 122.Kf1 Ke7 123.Rb6 Kf6
124.Ke2 Ke7 125.Ke3 Kf6 126.Rc6 Re5+ 127.Kd2 Rf5 128.Ke2 Re5+ 129.Kd3 Rf5
130.Ke3 Re5+ 131.Kd2 Rf5 132.Ke1 Re5+ 133.Kf1 Rf5 134.Kg2 Ke7 135.Rb6 Kf6
136.Ra6 Ke7 137.Rc6 Kf6 138.Kg1 Ke7 139.Ra6 Kf6 140.Ra3 Kxe6 141.Kg2 Rb5
142.Ra6+ Kf7 143.Rc6 Kg7 144.Rc4 Kg6 145.Rc2 Ra5 146.f3 gxf3+ 147.Kxf3 Ra3+
148.Kg2 Rb3 149.Rc6+ Kg7 150.Rc5 Kg6 151.Rg5+ Kh6 152.Rf5 Kg6 153.Rf8 Ra3
154.Re8 Rb3 155.Kf2 Kf7 156.Re3 Rb2+ 157.Kf3 Kf6 158.Rc3 Rb4 159.Rc6+ Kg7
160.Re6 Ra4 161.Re4 Ra3+ 162.Kf4 Kf6 163.Rb4 Ra6 164.Rd4 Rb6 165.Rd5 Rb4+
166.Ke3 Rb3+ 167.Rd3 Rb4 168.Kf3 Ra4 169.Rd5 Kg6 170.Rg5+ Kh6 171.Re5 Kg6
172.Re4 Ra3+ 173.Kf4 Kf6 174.Rd4 Ra6 175.Rc4 Rb6 176.Ra4 Rc6 177.Ra8 Rc4+
178.Kf3 Kg6 179.Re8 Ra4 180.Re4 Ra3+ 181.Kf4  1/2-1/2

[Event "World Youth U16 Olympiad 2012"]
[Site "Istanbul TUR"]
[Date "2012.08.29"]
[Round "1.12"]
[White "Temizkan,D"]
[Black "Akash Pc,I"]
[Result "0-1"]
[WhiteElo "1794"]
[BlackElo "2182"]

1.d4 Nf6 2.c4 e6 3.Nf3 b6 4.g3 Ba6 5.Qa4 Bb7 6.Bg2 Be7 7.Nc3 O-O 8.O-O d6
9.Rd1 Nbd7 10.Qc2 c6 11.b3 Qc7 12.e4 Rfd8 13.Ba3 Bf8 14.Rac1 e5 15.d5 c5
16.Qe2 a6 17.Rc2 g6 18.Bc1 Bg7 19.h4 Nf8 20.Bh3 h6 21.Nh2 Re8 22.Kg2 Bc8
23.Bxc8 Raxc8 24.Ng4 Nxg4 25.Qxg4 Nh7 26.Qf3 h5 27.Bg5 Qd7 28.a4 Rf8 29.Qe2 f6
30.Bc1 Qf7 31.f4 exf4 32.Bxf4 Qd7 33.Rf1 Rce8 34.Qd3 Rf7 35.Rcf2 Qe7 36.Bd2 Nf8
37.a5 bxa5 38.Ra1 Nd7 39.Rxa5 Ne5 40.Qc2 Ng4 41.Re2 f5 42.Rxa6 f4 43.Re1 fxg3
44.Bg5 Rf2+  0-1

[Event "11th Istanbul Open A"]
[Site "Istanbul TUR"]
[Date "2012.08.30"]
[Round "1"]
[White "Ozgur,Emre"]
[Black "Demircioglu,E"]
[Result "1/2-1/2"]
[WhiteElo "1753"]
[BlackElo "2062"]

1.d4 Nf6 2.c4 e6 3.Nf3 b6 4.g3 Ba6 5.Qa4 Bb7 6.Bg2 Be7 7.O-O O-O 8.Nc3 d5
9.Ne5 c6 10.Rd1 Nfd7 11.Nxd7 Nxd7 12.e4 Nf6 13.e5 Nd7 14.Be3 a6 15.Qb3 Qb8
16.cxd5 cxd5 17.a4 Qd8 18.Rac1 Nb8 19.Bf1 Nc6 20.Bd3 Rc8 21.h4 Kh8 22.Bb1 Na5
23.Qc2 g6 24.h5 Nc4 25.Bh6 Bg5 26.Bxf8 Bxc1 27.Qxc1 Qxf8 28.Qg5 Nxb2 29.Rd2 Nc4
30.Rd3 Qd8 31.Qh6 Qf8 32.Qg5 Qd8 33.Qh6 Qe7 34.Rf3 Rg8 35.Rf6 Rg7 36.hxg6 fxg6
37.Bxg6 Kg8 38.Bh5 Bc8 39.Qf4 Bd7 40.Kh2 b5 41.axb5 axb5 42.Be2 Rg6 43.Bd3 Rg7
44.g4 Nb2 45.Bxb5 Bxb5 46.Nxb5 Nd3 47.Qf3 Ne1 48.Qc3 Rxg4 49.Qxe1 Qe8 50.Rh6 Qxb5
51.Qd1 Rg7 52.Rh3 Qb2 53.Qf3 Qxd4 54.Qf6 Qb6 55.Rf3 h6 56.Qf8+ Kh7 57.Rf7 Rxf7
58.Qxf7+ Kh8 59.Qf8+  1/2-1/2

[Event "World Youth U16 Olympiad 2012"]
[Site "Istanbul TUR"]
[Date "2012.08.30"]
[Round "3.15"]
[White "Serikbay,Chingiz"]
[Black "Torosyan,N"]
[Result "1/2-1/2"]
[WhiteElo "2017"]
[BlackElo "2188"]

1.d4 Nf6 2.c4 e6 3.Nf3 b6 4.g3 Ba6 5.Qc2 Bb4+ 6.Bd2 Be7 7.Bg2 c6 8.O-O d5
9.b3 O-O 10.Bf4 Nbd7 11.Nbd2 Nh5 12.e4 Nxf4 13.gxf4 dxe4 14.Nxe4 Rc8 15.Rad1 Qc7
16.Ne5 Bb7 17.Rfe1 f6 18.Nxd7 Qxd7 19.Re3 Rce8 20.Qe2 Bd8 21.Bh3 f5 22.Ng5 Bxg5
23.fxg5 c5 24.d5 exd5 25.cxd5 Qd8 26.f4 Rxe3 27.Qxe3 Re8 28.Qd3 g6 29.d6 Re4
30.Qc3 Rxf4 31.d7 Rd4 32.Rxd4 cxd4 33.Qxd4 Qxg5+ 34.Kf2 Qd8 35.Bf1 Kf7 36.Bc4+ Ke7
37.Bb5 Ke6 38.Bc4+ Ke7 39.Bb5 Ke6 40.Bc4+ Ke7 41.Bb5 Ke6  1/2-1/2

[Event "11th Kesarovski-Stanchev Mem"]
[Site "Sunny Beach BUL"]
[Date "2012.09.01"]
[Round "1.52"]
[White "Tsvetanov,David"]
[Black "Vachev,V"]
[Result "1/2-1/2"]
[WhiteElo "1699"]
[BlackElo "2190"]

1.d4 Nf6 2.Nf3 e6 3.c4 b6 4.g3 Ba6 5.b3 Bb4+ 6.Bd2 Be7 7.Bc3 Ne4 8.Nfd2 Nxc3
9.Nxc3 Bb7 10.f3 f5 11.Bg2 Bf6 12.e3 c5 13.O-O a6 14.Ne2 O-O 15.f4 Bxg2 16.Kxg2 Qc8
17.Nf3 Qb7 18.Kg1 Nc6 19.Rc1 Ne7 20.Qd3 Rfd8 21.dxc5 bxc5 22.Qd6 Rac8 23.Ne5 Rc7
24.Rcd1 Nc8 25.Qd3 d6 26.Nf3 h6 27.Qc2 Qe4 28.Qxe4 fxe4 29.Nd2 d5 30.cxd5 exd5
31.f5 Bg5 32.Nf4 Bxf4 33.Rxf4 Rd6 34.h4 h5 35.Kg2 Kf7 36.Kh3 Rf6 37.g4 hxg4+
38.Kxg4 Ne7 39.Rc1 Rc8 40.b4 cxb4 41.Rxc8 Nxc8 42.Nb3 Rc6 43.Rf2 Ne7 44.Kg5 Ng8
45.Kf4 Nf6 46.Rd2 Rc8 47.Nd4 a5 48.Nb5 Ke7 49.Ke5 Rc1 50.Nd4 Rc3 51.Kf4 Rc4
52.Rg2 Kf7 53.Ne6 Ne8 54.Nd8+ Kf8 55.Ne6+ Kf7 56.Nd8+  1/2-1/2

[Event "InventiChess IM 2012"]
[Site "Antwerp BEL"]
[Date "2012.09.15"]
[Round "2.4"]
[White "Meng,R"]
[Black "Geirnaert,S"]
[Result "1-0"]
[WhiteElo "2277"]
[BlackElo "2395"]

1.d4 Nf6 2.Nf3 e6 3.c4 b6 4.g3 Ba6 5.Qa4 c5 6.Bg2 Bb7 7.dxc5 bxc5 8.O-O Be7
9.Nc3 Qb6 10.Qc2 O-O 11.Bf4 Nh5 12.Be3 Nc6 13.a3 Qc7 14.Rfd1 Rad8 15.Ne4 d6
16.Rab1 a5 17.Nfg5 g6 18.Nc3 Ng7 19.Nb5 Qb6 20.Qc1 Nf5 21.Nf3 Nxe3 22.Qxe3 d5
23.Qh6 Ba6 24.cxd5 exd5 25.Nc3 d4 26.Ne4 f6 27.Re1 Bc8 28.Rbc1 Be6 29.h4 Bd5
30.Ned2 Rf7 31.Nc4 Qc7 32.Red1 a4 33.Ne1 Be6 34.Nd3 Ne5 35.Ncxe5 fxe5 36.h5 Bf8
37.Qg5 Bg7 38.hxg6 Rf5 39.gxh7+ Kxh7 40.Be4  1-0

[Event "TCh-HUN 2012-13"]
[Site "Szombathely HUN"]
[Date "2012.09.16"]
[Round "1"]
[White "Prohaszka,P2"]
[Black "Varasdy,I"]
[Result "1/2-1/2"]
[WhiteElo "2573"]
[BlackElo "2336"]

1.d4 Nf6 2.c4 e6 3.Nf3 b6 4.g3 Ba6 5.Qa4 Bb7 6.Bg2 Be7 7.O-O O-O 8.Nc3 Ne4
9.Qc2 f5 10.Rd1 Bf6 11.Bd2 d6 12.d5 Bxc3 13.Bxc3 Nxc3 14.Qxc3 e5 15.b4 Nd7
16.Rac1 a5 17.a3 axb4 18.axb4 Qf6 19.Ra1 g6 20.Rxa8 Rxa8 21.Ra1 Qd8 22.h4 Rxa1+
23.Qxa1 Qa8 24.Qc1 Qd8 25.h5 b5 26.hxg6 hxg6 27.Ng5 bxc4 28.Ne6 Qe7 29.e4 Nf8
30.exf5 gxf5 31.Nxf8 Kxf8 32.Qxc4 e4 33.Qb5 e3 34.fxe3 Qxe3+ 35.Kh2 f4 36.gxf4 Qxf4+
37.Kg1 Qe3+  1/2-1/2

[Event "Caissa GM Sept 2012"]
[Site "Kecskemet HUN"]
[Date "2012.09.17"]
[Round "3.1"]
[White "Fodor,T jr"]
[Black "Sax,G"]
[Result "1/2-1/2"]
[WhiteElo "2487"]
[BlackElo "2451"]

1.d4 Nf6 2.c4 e6 3.Nf3 b6 4.g3 Ba6 5.Nbd2 Bb4 6.a3 Bxd2+ 7.Nxd2 Bb7 8.Nf3 d5
9.b3 dxc4 10.bxc4 c5 11.Bg2 cxd4 12.O-O O-O 13.Bb2 Na6 14.Bxd4 Rc8 15.Qa4 Qd7
16.Qb5 Bxf3 17.Bxf3 Qxd4 18.Qxa6 Rc7 19.Rac1 Nd7 20.Rfd1 Qc5 21.e3 Ne5 22.Be2 g6
23.h4 h5 24.Rb1 Qc6 25.Rd4 Nf3+  1/2-1/2

[Event "TCh-VIE 2012"]
[Site "Ho Chi Minh City VIE"]
[Date "2012.09.21"]
[Round "1.22"]
[White "Le Minh Hoang"]
[Black "Ton,T"]
[Result "0-1"]
[WhiteElo "1939"]
[BlackElo "2184"]

1.d4 Nf6 2.c4 e6 3.Nf3 b6 4.g3 Ba6 5.Qa4 Be7 6.Bg2 O-O 7.O-O c6 8.Bf4 Qc8
9.Nbd2 h6 10.Rac1 Qb7 11.Ne5 Rc8 12.Qc2 d6 13.Nd3 d5 14.e4 Nbd7 15.Rfe1 Bf8
16.e5 Ne8 17.Qd1 Nc7 18.Qg4 Kh7 19.b3 g6 20.Qh4 Ne8 21.g4 Qc7 22.Bxh6 Bxh6
23.g5 Ng7 24.Qxh6+ Kg8 25.Nb4 Qb7 26.Bh3 Rd8 27.Re3 c5 28.dxc5 bxc5 29.Nxa6 d4
30.Bg2 Qxa6 31.Rh3 Nh5 32.Bxa8 Rxa8 33.Ne4 Qc8 34.Rxh5 gxh5 35.Nf6+ Nxf6
36.gxf6 Qf8 37.Qg5+ Kh7 38.Qxh5+ Qh6 39.Qxf7+ Kh8 40.Qg7+ Qxg7+ 41.fxg7+ Kxg7
42.f4 Kg6 43.Kg2 Kf5 44.Kf3 Rg8 45.Rf1 a5 46.h3 Rh8 47.Kg3 Ke4 48.Re1+ Kd3
49.f5 Kd2 50.Rf1 Rg8+ 51.Kf3 exf5 52.e6 Re8 53.Kf4 Rxe6 54.Kxf5 Re1 55.Rf4 Kc3  0-1

[Event "TCh-VIE 2012"]
[Site "Ho Chi Minh City VIE"]
[Date "2012.09.21"]
[Round "1.14"]
[White "Nguyen,Huynh Trong Hai"]
[Black "Tran Thanh Tu"]
[Result "0-1"]
[WhiteElo "1866"]
[BlackElo "2293"]

1.d4 Nf6 2.Nf3 e6 3.c4 b6 4.g3 Ba6 5.Qc2 Bb4+ 6.Bd2 Be7 7.Bg2 O-O 8.O-O d5
9.b3 c6 10.Bf4 Nbd7 11.Nbd2 Nh5 12.Ne5 Nxe5 13.Bxe5 f6 14.Bf4 Nxf4 15.gxf4 Qd6
16.e3 e5 17.dxe5 fxe5 18.fxe5 Qxe5 19.Rfd1 Rf6 20.Nf1 dxc4 21.bxc4 Raf8 22.f4 Qc5
23.Rd7 Rxf4 24.Rxa7 Bf6 25.Rd1 Bxc4 26.Bxc6 Bd4 27.exd4 Rxf1+  0-1

[Event "DYTM KL Open 2012"]
[Site "Kuala Lumpur MAS"]
[Date "2012.09.22"]
[Round "8.14"]
[White "Kuderinov,K"]
[Black "Fong Yit San"]
[Result "1-0"]
[WhiteElo "2484"]
[BlackElo "1997"]

1.d4 Nf6 2.c4 e6 3.Nf3 b6 4.g3 Ba6 5.Qc2 Be7 6.Bg2 d5 7.cxd5 exd5 8.O-O O-O
9.Nc3 Re8 10.Bf4 c6 11.Rfe1 Bb7 12.Ne5 Na6 13.Rad1 h6 14.e4 Bb4 15.exd5 cxd5
16.a3 Bxc3 17.Qxc3 Ne4 18.Qb3 Qf6 19.Bf1 Qe6 20.Bb5 Re7 21.Rc1 g5 22.Be3 Nb8
23.Qd1 a6 24.Be2 Nd7 25.Bg4 f5 26.Bh3 Rd8 27.f3 Nd6 28.Bf2 Nxe5 29.dxe5 Ne8
30.Qd4 b5 31.Qb6 Qxb6 32.Bxb6 Rc8 33.Bc5 Rec7 34.b4 Ng7 35.e6 Re8 36.e7 Kf7
37.Re5 Kg6 38.Rce1 Rd7 39.Kf2 Kf6 40.Bd4 Kg6 41.Bf1 Kf7 42.Bd3 Bc8 43.Bxf5 Rd6
44.Bxc8 Rxc8 45.Bc5 Re6 46.Rxd5 Rxe1 47.Kxe1 Ne6 48.Rf5+ Ke8 49.Rf8+  1-0

[Event "TCh-SRB Prem w 2012"]
[Site "Valjevo SRB"]
[Date "2012.09.23"]
[Round "7.2"]
[White "Rakic,Te"]
[Black "Urosevic,Ma"]
[Result "0-1"]
[WhiteElo "1796"]
[BlackElo "2081"]

1.d4 Nf6 2.c4 e6 3.Nf3 b6 4.g3 Ba6 5.b3 b5 6.cxb5 Bxb5 7.Bg2 Bc6 8.Qc2 Qc8
9.O-O a5 10.a3 Qb7 11.Nc3 Be7 12.Re1 Bxf3 13.Bxf3 d5 14.e4 c6 15.Bg2 O-O
16.e5 Nfd7 17.Na4 Rc8 18.Nc5 Bxc5 19.dxc5 Na6 20.f4 Naxc5 21.Rb1 Rab8 22.f5 Nxb3
23.Bb2 Qa7+ 24.Kh1 Qc5 25.Qe2 Nd4 26.Bxd4 Qxd4 27.Rxb8 Rxb8 28.fxe6 fxe6
29.Bh3 Nf8 30.Rf1 Qa7 31.Qc2 c5 32.Qa4 Qc7 33.Qf4 c4 34.Bg4 Qe7 35.Bh5 g6
36.Bd1 Nd7 37.Qg4 Nxe5  0-1

[Event "TCh-VIE 2012"]
[Site "Ho Chi Minh City VIE"]
[Date "2012.09.26"]
[Round "9.15"]
[White "Le Minh Hoang"]
[Black "Nguyen Van Thanh"]
[Result "0-1"]
[WhiteElo "1939"]
[BlackElo "2214"]

1.d4 Nf6 2.c4 e6 3.Nf3 b6 4.g3 Ba6 5.Qa4 Bb7 6.Bg2 c5 7.O-O cxd4 8.Nxd4 Bxg2
9.Kxg2 Qc7 10.Nc3 a6 11.Rd1 Be7 12.Nf3 O-O 13.Bf4 Qb7 14.Rac1 Rc8 15.Kg1 Nc6
16.Bd6 Bxd6 17.Rxd6 Rab8 18.Rcd1 b5 19.cxb5 axb5 20.Qf4 Ne7 21.Ne5 Ng6 22.Nxg6 hxg6
23.a3 b4 24.axb4 Qxb4 25.R1d2 Qxf4 26.gxf4 Rc4 27.e4 Nxe4 28.Nxe4 Rxe4 29.Rxd7 Rxf4
30.Rd8+ Rxd8 31.Rxd8+ Kh7 32.Rb8 g5 33.b4 Kg6 34.Kg2 g4 35.b5 Rb4 36.b6 e5
37.b7 f6 38.Kf1 Rb2 39.h4 gxh3 40.Kg1 Kf5 41.Rh8 Rxb7 42.Rxh3 e4 43.Kg2 g5
44.Rc3 Rd7 45.Rc5+ Kf4 46.Ra5 Rd2 47.Ra3 f5 48.Re3 g4 49.Ra3 Rd3 50.Ra5 g3
51.fxg3+ Rxg3+ 52.Kf2 e3+ 53.Kf1 Ke4 54.Ra4+ Kf3 55.Ra3 Rg8 56.Rb3 f4  0-1

[Event "1st Simon Bolivar Open 2012"]
[Site "San Cristobal VEN"]
[Date "2012.09.28"]
[Round "6.16"]
[White "Molina,Rob"]
[Black "Marquez Ruiz,Angel Jesus"]
[Result "1-0"]
[WhiteElo "2402"]
[BlackElo "2088"]

1.d4 Nf6 2.c4 e6 3.Nf3 b6 4.g3 Ba6 5.Qa4 Bb7 6.Bg2 c5 7.dxc5 Bxc5 8.O-O O-O
9.Nc3 Qc8 10.Bg5 Be7 11.Rac1 Na6 12.Rfd1 Nc5 13.Qc2 d6 14.b4 Nce4 15.Nxe4 Bxe4
16.Qb3 Qb7 17.Bxf6 gxf6 18.Ne1 Bxg2 19.Nxg2 Rac8 20.Nf4 b5 21.cxb5 d5 22.a4 a6
23.bxa6 Qxb4 24.Qxb4 Bxb4 25.Rxc8 Rxc8 26.Rb1 Bc5 27.Nd3 Ba7 28.Rb7 Ra8 29.e3 e5
30.Kf1 d4 31.e4 Kg7 32.g4 Kg6 33.h4 Bb8 34.a5 h5 35.f3 hxg4 36.fxg4 Kg7 37.Ke2 Rxa6
38.Rxb8 Rxa5 39.Rb1 Ra2+ 40.Rb2 Ra3 41.Rd2 Rc3 42.Kf3 Kg6 43.Kg2 Kg7 44.Nf2 Re3
45.Kf1 Kg6 46.Rd3  1-0

[Event "TCh-FIN SM 2012-13"]
[Site "Jyvaskyla FIN"]
[Date "2012.09.30"]
[Round "3.7"]
[White "Torkkola,Henri"]
[Black "Saastamoinen,A"]
[Result "1-0"]
[WhiteElo "2122"]
[BlackElo "2135"]

1.d4 Nf6 2.c4 e6 3.Nf3 b6 4.g3 Ba6 5.Qc2 c6 6.e4 d5 7.cxd5 Bxf1 8.Kxf1 cxd5
9.e5 Nfd7 10.Bg5 Be7 11.Bxe7 Kxe7 12.Qa4 f6 13.exf6+ gxf6 14.Kg2 Nf8 15.Nc3 a6
16.Rhe1 Kf7 17.Rac1 Ra7 18.Qb3 Rd7 19.Na4 Rd6 20.Rc2 b5 21.Nc5 Qb6 22.Qe3 Ng6
23.Rce2 Re8 24.Qh6 Kg8 25.h4 e5 26.h5 Nf8 27.dxe5 fxe5 28.Qg5+  1-0

[Event "34th Rashid Nezhmetdinov Cup"]
[Site "Kazan RUS"]
[Date "2012.10.01"]
[Round "6.10"]
[White "Faizrakhmanov,Ramil"]
[Black "Dvoirys,S"]
[Result "0-1"]
[WhiteElo "2290"]
[BlackElo "2533"]

1.d4 Nf6 2.c4 e6 3.Nf3 b6 4.g3 Ba6 5.b3 d5 6.cxd5 exd5 7.Bg2 Bd6 8.O-O O-O
9.Nc3 Nbd7 10.Bb2 Re8 11.Re1 c6 12.Qc2 Rc8 13.Rad1 Ne4 14.Nxe4 dxe4 15.Ne5 Nf6
16.Nc4 Bf8 17.Ne3 Qd7 18.a3 Qe6 19.b4 g6 20.Qa4 Bb5 21.Qxa7 Nd5 22.Nxd5 cxd5
23.Bxe4 Re7 24.Bxd5 Qxd5 25.Qxb6 Re6 26.e4 Qd7 27.Qxe6 Qxe6 28.d5 Qg4 29.Rd2 Bh6  0-1

[Event "TATA 50th ch-IND National Premier"]
[Site "Kolkata IND"]
[Date "2012.10.04"]
[Round "4.20"]
[White "Arindam,M"]
[Black "Suvrajit,S"]
[Result "1-0"]
[WhiteElo "2265"]
[BlackElo "2362"]

1.d4 Nf6 2.c4 b6 3.Nf3 e6 4.g3 Ba6 5.b3 Bb4+ 6.Bd2 Be7 7.Bg2 c6 8.O-O d5
9.Qc2 O-O 10.Bf4 Nbd7 11.Nbd2 Nh5 12.Be3 Rc8 13.Qb2 f5 14.Rac1 f4 15.Bxf4 Nxf4
16.gxf4 Rxf4 17.e3 Rg4 18.Kh1 Bd6 19.Rg1 Qe7 20.Bh3 Rxg1+ 21.Rxg1 Rf8 22.Qc2 h6
23.Qg6 Rf6 24.Qg4 Nf8 25.Qh5 Bb7 26.cxd5 cxd5 27.Bf1 Bc6 28.Bd3 Be8 29.Qh3 Qf7
30.Qg2 Bb8 31.Rf1 Nd7 32.Nh4 e5 33.Be2 Kh8 34.dxe5 Bxe5 35.f4 Bd6 36.Rg1 Bc5
37.Bh5 Qe7 38.Bxe8 Bxe3 39.Bxd7 Bxg1 40.Ng6+ Rxg6 41.Qxg6 Bxh2 42.Kxh2 Qxd7
43.Nf3 Qe7 44.Kg3 Qc5 45.Qd3 a5 46.a4 Kg8 47.Kg4 Kf7 48.Qf5+ Kg8 49.Qe5 Kh7
50.Nd4 Qc1 51.Qf5+ Kh8 52.Qxd5 Qd1+ 53.Kf5 Qh5+ 54.Ke4 Qh1+ 55.Ke5 Qe1+ 56.Kd6 Qb4+
57.Kc6 Qf8 58.Qe5  1-0